000 00767nam a22002297a 4500
003 UA-OsUOA
001 116804
007 ta
008 20160405b un ||||| |||| 00| 0 ukr d
090 _a72/76
_bИ86
942 _cBK
040 _aUA-OsUOA
_brus
_cUA-OsUOA
_dUA-OsUOA
245 _aИскусство: Живопись. Скульптура. Архитектура. Графика
_bкнига для учителя. В 3-х ч.
_cсост. М. В. Алпатов
300 _a288 с.
955 _a2
041 _arus
080 _a72/76
260 _aМ.
_bПросвещение
_c1987
246 3 1 _aЧ. 1
_nДревний мир. Средние века. Эпоха Возрождения
650 7 _a72 Архітектура
_2UDC
999 _c402728
_d402728